Rapport sur l'activité de l'Institut en 1937
Descripción Física:
8 p. ; 25 cm
Colección:
Actualités scientifiques et industrielles
Otros Autores:
Xirau, Joaquim
MARC
| LEADER | 00000nam a2200000Ia 4500 | ||
|---|---|---|---|
| 001 | 21531 | ||
| 008 | 160829s1938 xx 000 0 cat d | ||
| 080 | |a RF-14-20 | ||
| 245 | |a Rapport sur l'activité de l'Institut en 1937 | ||
| 260 | |a París : |b Hermann & Cie, |c 1938 | ||
| 300 | |a 8 p. ; |c 25 cm | ||
| 490 | |a Actualités scientifiques et industrielles | ||
| 590 | |a A la part superior de la coberta: Publications de l'Institut International de Collaboration Philosophique. | ||
| 590 | |a Ha participat J. Xirau Palau, membre del Comité Directiu de l'Institut. | ||
| 590 | |a Inclou l'estatut de l'Institut. | ||
| 590 | |a Prové de 2331, exp. 207 | ||
| 650 | |a Institut International de Collaboration Philosophique |9 47770 | ||
| 700 | |a Xirau, Joaquim |9 37043 | ||
| 856 | 4 | |u https://media.diba.cat/diba/fitxers/arxiu/fulletons/bib_21531_1938_baixa.pdf |y Accés lliure | |
| 856 | 4 | |u https://media.diba.cat/diba/fitxers/arxiu/fulletons/bib_21531_1938_baixa.pdf |y Accés lliure | |
| 901 | |a Arxiu | ||
| 942 | |n 1 |2 udc | ||
| 952 | |0 0 |1 0 |4 0 |6 RF1420 |7 1 |9 54087 |a Arxiu |b Arxiu |d 2016-12-01 |l 0 |o RF-14-20 |p 21531 |r 2016-12-01 00:00:00 |w 2016-12-01 |y ARXIU | ||
| 999 | |c 57955 |d 57955 | ||
| 900 | |a bib_21531_1938_baixa.pdf | ||